000 00374nam a2200145Ia 4500
005 20250323123847.0
008 240331s9999 xx 000 0 und d
082 _bMAH
_a894
100 _aMahendran,K
245 0 _aThoovanam kavanam
260 _aTellipalai
_bLyceum of Literary and Aesthetics Studies
_c1988
300 _a152 p .,
500 _aA Novel in Tamil
942 _cL
999 _c4583
_d4583